| 000 | 00686 a2200205 4500 | ||
|---|---|---|---|
| 020 | _a0444507493 | ||
| 020 | _a9780444507495 | ||
| 035 | _a512.55 | ||
| 090 |
_c1151 _d1151 |
||
| 100 | 1 | _aConstantinescu,Corneliu. | |
| 245 | 1 | 0 |
_aBanach spaces. _nVolume 1 / _cAuthor Unknown. |
| 260 |
_a[S.l.] : _bNorth Holland, _c2001. |
||
| 300 |
_a400 p. ; _c23 cm. |
||
| 490 | 1 | _aNorth-holland mathematical library. | |
| 520 | _aHardbound. | ||
| 700 | _aConstantinescu,Corneliu. | ||
| 830 | 0 | _aNorth-holland mathematical library. | |
| 942 |
_aSNS _cBK _k512.55 CON |
||
| 999 |
_c29764 _d29764 |
||